Statistics for Never Grow Up lyrics

Click here to take the quiz!

General Stats

  • This quiz has been taken 113 times
  • The average score is 385 of 438

Answer Stats

Lyrics% Correct
grow
100%
just
100%
Just
100%
never
100%
Oh
100%
oh
100%
Oh,
100%
stay
100%
up
100%
up,
100%
you
100%
you,
100%
a
98%
do
98%
Don't
98%
don't
98%
ever
98%
I
98%
little
98%
this
98%
your
98%
Your
98%
darlin'
96%
the
96%
when
96%
and
94%
And
94%
no
94%
on
94%
so
94%
So
94%
to
94%
to,
94%
To
94%
be
92%
could
92%
Could
92%
I'd
92%
in
92%
in,
92%
It
92%
it
92%
my
92%
simple
92%
her
90%
of
90%
one
90%
that
90%
around
88%
drop
88%
if
88%
like
88%
off
88%
you're
88%
You're
88%
for
85%
hands
85%
hurt
85%
me
85%
it's
83%
It's
83%
let
83%
night
83%
though
83%
try
83%
will
83%
won't
83%
Won't
83%
break
81%
finger
81%
heart
81%
is
81%
light
81%
nobody
81%
tuck
81%
turn
81%
wanna
81%
everything
79%
too
79%
want
79%
wrapped
79%
'cause
77%
have,
77%
have
77%
school
77%
wish
77%
Wish
77%
all
75%
But
75%
favorite
75%
gettin'
75%
new
75%
please
75%
Remember
75%
remember
75%
Remember,
75%
she's
75%
apartment
73%
block
73%
desert
73%
even
73%
nothing
73%
older
73%
way
73%
can't
71%
fourteen,
71%
grown
71%
here
71%
honey,
71%
make
71%
much
71%
out
71%
quiet
71%
ready
71%
they
71%
tonight
71%
am
69%
city,
69%
droppin'
69%
eyelids
69%
funny,
69%
getting
69%
got
69%
mom's
69%
movies
69%
pj's
69%
what
69%
world
69%
would
69%
At
67%
big
67%
car
67%
dance
67%
flutter
67%
give
67%
gonna
67%
left
67%
regret
67%
there's
67%
dad
65%
myself
65%
thought
65%
burned
63%
dreamin'
63%
dropped
63%
gone
63%
home
63%
lose
63%
one's
63%
brother's
60%
childhood
60%
footsteps,
60%
move
60%
own
60%
pictures
60%
scarred
60%
someday
60%
than
60%
call
58%
colder
58%
gets
58%
Memorize
58%
mind
58%
mortified,
58%
room
58%
still
58%
Take
58%
realized
56%
shots
56%
sounded
56%
wait
56%
said,
54%
songs
54%
Nothing's
52%
words
52%

Score Distribution

Percentile by Number Answered

Percent of People with Each Score

Your Score History

You have not taken this quiz